000 00334 a2200145 4500
003 Nust
005 20170207153527.0
040 _cNust
082 _a297
100 _a KHOKHAR, MUHAMMAD IFTIKHAR
245 _aMUGHRAB SE ISHA TAK
_c DR MUHAMMAD IFTIKHAR KHOKHAR
260 _aLAHORE
_bDARUS SLAM
300 _a6; P
650 _aISLAM
942 _2ddc
_cBK
999 _c187842
_d187842